000 01001nam a22002897i 4500
003 URS
005 20220114152915.0
008 160311b xxu||||| |||| 00| 0 eng d
020 _a9789715066006
040 _aDLC
_erda
_cURSP-College Library
_dDLC
_beng
042 _alcode
050 0 0 _aPL6063.V81
_b899.2101 V54d 2011
100 1 _aVelasco, Emmanuel T.
245 1 0 _aDalawang pulgada at tubig :
_bmga tula ng tahimik na ligalig /
_cEmmanuel Quintos Velasco.
264 1 _aEspaƱa, Manila :
_bUniversity of Santo Tomas Pub. House,
_c2011.
300 _axiii, 73 pages ;
_c23cm
336 _atext
_btxt
_2rdacontent
337 _aunmediated
_bn
_2rdamedia
338 _avolume
_bnc
_2rdacarrier
500 _aPoems.
546 _aIn Tagalog.
650 0 _aPhilippine poetry (Filipino).
650 0 _aPhilippine poetry (Filipino) - Collections.
906 _a7
_bcbc
_corigode
_d4
_encip
_f20
_gy-gencatlg
942 _2lcc
_cF
999 _c7829
_d7829